| 000 | 00000nam 2200000za 4500 |
| 001 | 9.633802 |
| 003 | CaOODSP |
| 005 | 20210921101635 |
| 007 | cr ||||||||||| |
| 008 | 150407s2007 onc|||||o f|0| 0 fre d |
| 020 | |a978-0-662-73611-0 |
| 040 | |aCaOODSP|bfre |
| 043 | |an-cn--- |
| 086 | 1 |aIu20-1/2007F-PDF |
| 110 | 1 |aCanada. |bBureau de la consommation. |
| 245 | 10|aGuide du consommateur canadien 2007 |h[ressource électronique]. |
| 260 | |aOttawa : |bIndustrie Canada, |c2007. |
| 300 | |a95 p. : |bill. en couleur. |
| 590 | |a07-20|b2007-05-18 |
| 691 | 07|aProtection du consommateur|2gcpds |
| 775 | 08|tCanadian consumer handbook 2007 |w(CaOODSP)9.689392 |
| 794 | |tGuide du consommateur canadien 2008-2009 |w(CaOODSP)9.635935 |
| 795 | |tGuide du consommateur canadien 2006 |w(CaOODSP)9.632500 |
| 856 | 40|ahttp://publications.gc.ca|qPDF|s423 Ko|uhttps://publications.gc.ca/collections/collection_2007/ic/Iu20-1-2007F.pdf |
| 986 | |a60187 |